| 000 | 00488nam a22001937a 4500 | ||
|---|---|---|---|
| 003 | NUST - PNEC | ||
| 005 | 20170116180822.0 | ||
| 008 | 150624b xxu||||| |||| 00| 0 eng d | ||
| 020 | _a0582413710 | ||
| 040 | _cLIBRARY | ||
| 082 | _a512.15 BIR | ||
| 100 |
_94178 _aBird, J. O. |
||
| 245 |
_aAlgebra and calculus for technicians : _cJohn O. Bird |
||
| 250 | _aLevel 3 | ||
| 260 |
_aLondon _bLongman _cc1985. |
||
| 300 | _a357 p. : | ||
| 650 |
_94179 _aAlgebra _xME |
||
| 942 |
_2ddc _cBK |
||
| 999 |
_c63778 _d63778 |
||